000 00591nam a22001817a 4500
999 _c181862
_d181862
005 20221017125134.0
010 _aB-745983
020 _a9789391017217
_c450.00
037 _bSahitya Akademi
082 _a884
245 _aSitakant Mahapatra:
_ba reader /
_cedited by Bhagaban Jayasingh
250 _a1st
260 _aNew Delhi
_bSahitya Akademi
_c2021
270 _aRabindra Bhavan, 35 Ferozshah Road
_bNew Delhi
_e110001
300 _axiii, 266p.
_c24cm(pbk)
942 _2ddc
_cEN
_mSIT
_h884